[Event "ECU-chT U20 Girls"]
[Site "Carpuela"]
[Date "2014.05.03"]
[Round "2.2"]
[White "Acosta Marcillo, Gabriela Joss"]
[Black "Mina Cortez, Kristy Daniela"]
[Result "1-0"]
[WhiteElo "1504"]
[BlackElo "1569"]
[PlyCount "47"]
[EventDate "2014.05.03"]
[EventType "team-swiss"]
[EventRounds "7"]
[EventCountry "ECU"]
[SourceTitle "CBM 160 Extra"]
[Source "ChessBase"]
[SourceDate "2014.07.01"]
[SourceVersion "1"]
[SourceVersionDate "2014.07.01"]
[SourceQuality "1"]
[WhiteTeam "Pichincha (W)"]
[BlackTeam "Esmeraldas (W)"]
[WhiteTeamCountry "ECU"]
[BlackTeamCountry "ECU"]

1. e4 c6 2. d4 d5 3. Nc3 dxe4 4. Nxe4 Nf6 5. Nxf6+ exf6 6. Bc4 Bd6 7. Qe2+ Qe7 8. Qxe7+ Bxe7 9. Ne2 b6 10. 0-0 0-0 11. Bf4 Na6 12. a3 Re8 13. Nc3 b5 14. Bd3 b4 15. Ne4 Bb7 16. Rfe1 Rad8 17. Bxa6 Bxa6 18. axb4 Bc8 19. c3 Bf8 20. Kf1 Rd7 21. Nxf6+ gxf6 22. Rxe8 Bb7 23. Bh6 Re7 24. Rxf8# 1-0

[Event "ECU-chT U20 Girls"]
[Site "Carpuela"]
[Date "2014.05.03"]
[Round "1.2"]
[White "Mina Cortez, Kristy Daniela"]
[Black "Diaz Alarcon, Maria Fernanda"]
[Result "1-0"]
[WhiteElo "1569"]
[BlackElo "1663"]
[PlyCount "52"]
[EventDate "2014.05.03"]
[EventType "team-swiss"]
[EventRounds "7"]
[EventCountry "ECU"]
[SourceTitle "CBM 160 Extra"]
[Source "ChessBase"]
[SourceDate "2014.07.01"]
[SourceVersion "1"]
[SourceVersionDate "2014.07.01"]
[SourceQuality "1"]
[WhiteTeam "Esmeraldas (W)"]
[BlackTeam "Manabi (W)"]
[WhiteTeamCountry "ECU"]
[BlackTeamCountry "ECU"]

1. e4 c5 2. Nc3 Nc6 3. g3 d6 4. Bg2 g6 5. d3 Bg7 6. Be3 Nf6 7. h3 Rb8 8. Qd2 0-0 9. Bh6 Bd7 10. Nge2 b5 11. Bxg7 Kxg7 12. h4 h5 13. Nd5 Nxd5 14. exd5 Ne5 15. f3 e6 16. g4 Rh8 17. gxh5 Rxh5 18. Qf4 Rf5 19. Qg3 exd5 20. h5 Rg5 21. Qf2 Nc6 22. f4 Rf5 23. hxg6 fxg6 24. Ng3 Rf6 25. 0-0-0 Be6 26. f5 Ne5 1-0